| 000 | 00723nam a2200229 a 4500 | ||
|---|---|---|---|
| 001 | BRCA_1499 | ||
| 005 | 20190320203444.0 | ||
| 008 | 941020s1994 mx-a---##b---#000-0#spa-# | ||
| 020 | _a9682958326 | ||
| 041 | _aspa | ||
| 044 | _amx | ||
| 050 | 4 |
_aND259.S5 _b.S57 1994 |
|
| 245 | 1 | 0 |
_aSiqueiros _bel lugar de la utopía. |
| 260 |
_aMéxico _bINBA _c[1994?] |
||
| 300 |
_a173 p. _bil. (algunas a color) _c28 cm. |
||
| 500 | _aIncluye cronología y lista de ilustraciones | ||
| 504 | _aBibliografía: p. 169-170 | ||
| 533 | _aIncluye facsimilares de periódicos de la capital | ||
| 600 | 1 | 4 |
_aSiqueiros, David Alfaro _d1896-1974 _vExposiciones _94894 |
| 650 | 1 | 4 |
_aPolítica en el arte _vExposiciones _94895 |
| 942 |
_2lcc _cB |
||
| 999 |
_c1359 _d1359 |
||